Plant nursery management: how to start and operate a plant nursery (Record no. 244070)

MARC details
000 -LEADER
fixed length control field 00553nam a2200229Ia 4500
008 - FIXED-LENGTH DATA ELEMENTS--GENERAL INFORMATION
fixed length control field 150901s9999 xx 000 0 und d
020 ## - INTERNATIONAL STANDARD BOOK NUMBER
International Standard Book Number 9788172337674
041 ## - LANGUAGE CODE
Language code of text/sound track or separate title English
082 ## - DEWEY DECIMAL CLASSIFICATION NUMBER
Classification number 635
082 ## - DEWEY DECIMAL CLASSIFICATION NUMBER
Item number RAY/PL
100 ## - MAIN ENTRY--PERSONAL NAME
Personal name Ray P K
100 ## - MAIN ENTRY--PERSONAL NAME
Relator term Author
245 ## - TITLE STATEMENT
Title Plant nursery management: how to start and operate a plant nursery
260 ## - PUBLICATION, DISTRIBUTION, ETC. (IMPRINT)
Place of publication, distribution, etc. New Delhi
260 ## - PUBLICATION, DISTRIBUTION, ETC. (IMPRINT)
Name of publisher, distributor, etc. Scientific
260 ## - PUBLICATION, DISTRIBUTION, ETC. (IMPRINT)
Date of publication, distribution, etc. 2012
300 ## - PHYSICAL DESCRIPTION
Extent 399 Pages
365 ## - TRADE PRICE
Price type code Rs.1150/-
650 ## - SUBJECT ADDED ENTRY--TOPICAL TERM
Topical term or geographic name as entry element Management
650 ## - SUBJECT ADDED ENTRY--TOPICAL TERM
Topical term or geographic name as entry element Plant nursery
942 ## - ADDED ENTRY ELEMENTS (KOHA)
Koha item type Books (General)
Holdings
Withdrawn status Lost status Damaged status Not for loan Home library Current library Date acquired Cost, normal purchase price Total Checkouts Full call number Barcode Date last seen Date checked out Price effective from Koha item type
        College of Agriculture, Vellanikkara College of Agriculture, Vellanikkara 03/03/2022 1150.00 3 635 RAY/PL KAU-COA-30477 22/07/2017 11/05/2017 16/09/2015 Books (General)
Kerala Agricultural University Central Library
Thrissur-(Dt.), Kerala Pin:- 680656, India
Ph : (+91)(487) 2372219
E-mail: librarian@kau.in
Website: http://library.kau.in/